000 00308nam a2200133Ia 4500
008 220204s9999 xx 000 0 und d
082 _a633.61
_bBAR
100 _aBARNES, A C
245 0 _aSugar cane
250 _a2
260 _aBucks
_bLeonard hill
_c1974
650 _aSugarcane cultivation
942 _cBK
999 _c27673
_d27673